Báo chí Việt Nam nhìn dưới khía cạnh kinh tế : Luận văn tốt nghiệp

Đề tài trình bày báo chí Việt Nam và các thế lực, các vấn đề kinh tế và đề ra giải pháp.

Na minha lista:
Detalhes bibliográficos
Autor principal: Nguyễn, Xuân Tuấn
Formato: Livro
Idioma:Undetermined
Publicado em: Sài Gòn Học viện Quốc Gia Hành Chánh 1971
Assuntos:
Tags: Adicionar Tag
Sem tags, seja o primeiro a adicionar uma tag!
Thư viện lưu trữ: Trung tâm Học liệu Trường Đại học Cần Thơ
LEADER 00884nam a2200217Ia 4500
001 CTU_26303
008 210402s9999 xx 000 0 und d
082 |a 070.4 
082 |b T502 
100 |a Nguyễn, Xuân Tuấn 
245 0 |a Báo chí Việt Nam nhìn dưới khía cạnh kinh tế : 
245 0 |b Luận văn tốt nghiệp 
245 0 |c Nguyễn Xuân Tuấn ; Tạ Văn Tài (Người hướng dẫn) 
260 |a Sài Gòn 
260 |b Học viện Quốc Gia Hành Chánh 
260 |c 1971 
520 |a Đề tài trình bày báo chí Việt Nam và các thế lực, các vấn đề kinh tế và đề ra giải pháp. 
650 |a Journalism 
650 |x Economic aspects 
904 |i Nguyễn Quang Điền, Hải 
980 |a Trung tâm Học liệu Trường Đại học Cần Thơ